000
00438nam a2200133Ia 4500
008
100328s9999 xx 000 0 und d
082
_b
57573
100
_a
भोळे भास्कर लक्ष्मण
245
_a
साहित्य प्रत्यय
260
_b
स्वरुप
630
_a
साहित्य प्रत्यय
730
_a
साहित्य प्रत्यय
942
_c
BOOK
999
_c
544012
_d
544009